ბათუმის შოთა რუსთაველის სახელმწიფო უნივერსიტეტის ბიბლიოთეკა

ლაბორატორიული სამუშაოები ზოგად და არაორგანულ ქიმიაში : ნაწილი პირველი / (ბიბ.ჩანაწერი № 39836)

000 -ლიდერი
ფიქსირებული სიგრძის საკონტროლო ველი 01199nam a2200241Ia 4500
001 - საკონტროლო ნომერი
საკონტროლო ველი 6441
003 - საკონტროლო ნომრის იდენტიფიკატორი
საკონტროლო ველი GE_BSU
005 - ბოლო ოპერაციის თარიღი და დრო
საკონტროლო ველი 20190528202209.0
008 - ფიქსირებული სიგრძის მონაცემთა ელემენტები - ზოგადი ინფორმაცია
ფიქსირებული სიგრძის საკონტროლო ველი 181216s1974||||ge |||||||||||||| ||geo||
040 ## - კატალოგიზაციის წყარო
Transcribing agency GE_BSU
041 ## - ენის კოდი
Language code of text/sound track or separate title geo
080 ## - უნივერსალური ათობითი კლასიფიკაციის ინდექსი
Universal Decimal Classification number 54+546(076) ლ-13
245 ## - ცნობა სათაურის შესახებ
Title ლაბორატორიული სამუშაოები ზოგად და არაორგანულ ქიმიაში : ნაწილი პირველი /
Statement of responsibility, etc შემდგ : პ.გაგნიძე ; ლ.რურუა ; თ.ჭყონია ; რედ : მ. ძიძიგური.
264 ## - წარმოების, გამოცემის, დისტრიბუციის და სხვა ცნობები
გამოცემის, წარმოების, დისტრიბუციის... ადგილი თბილისი :
გამოცემის, წარმოების, დისტრიბუციის... სახელწოდება საქ.პოლიტექ.ინ-ტი,
გამოცემის, წარმოების, დისტრიბუციის... თარიღი 1974.
300 ## - ფიზიკური აღწერა
Extent 56 გვ .:
Dimensions 20 სმ.
653 ## - INDEX TERM--UNCONTROLLED
Uncontrolled term ზოგადი და არაორგანული ქიმია.
653 ## - INDEX TERM--UNCONTROLLED
Uncontrolled term ქიმია
700 ## - ADDED ENTRY--PERSONAL NAME
Personal name გაგნიძე, პ
Relator term შემდგენელი
9 (RLIN) 1784
700 ## - ADDED ENTRY--PERSONAL NAME
Personal name რურუა, ლ
Relator term შემდგენელი
9 (RLIN) 1785
700 ## - ADDED ENTRY--PERSONAL NAME
Personal name ჭყონია,თ
Relator term შემდგენელი
9 (RLIN) 1786
700 ## - ADDED ENTRY--PERSONAL NAME
Relator code ძიძიგური, მ
Dates associated with a name რედაქტორი
9 (RLIN) 1787
942 ## - ADDED ENTRY ELEMENTS (KOHA)
Koha item type წიგნი
Source of classification or shelving scheme
ეგზემპლარები
ჩამოწერის სტატუსი დაკარგული ეგზემპლარის სტატუსი კლასიფიკაციის წყარო ან თაროზე გაწყობის სქემა დაზიანების სტატუსი არ გაიცემა მუდმივი მდებარეობა (დაცვის ადგილი) ამჟამინდელი ადგილსამყოფელი თაროზე განთავსების ადგილი შეძენის თარიღი ღირებულება, შესყიდვის ნორმალური ფასი სრული შენახვის შიფრი შტრიხკოდი ბოლო ოპერაციის თარიღი ეგზემპლარის მიმდევრობითი ნომერი (კეტერი?) ფასის ძალაში შესვლის თარიღი ეგზემპლარის სახეობა საჯარო შენიშვნა
          ტექნოლოგიური ფაკულტეტის ბიბლიოთეკა ტექნოლოგიური ფაკულტეტის ბიბლიოთეკა წიგნსაცავი 2018-12-17 0.40 54+546(076) ლ-13 9710 2018-12-17 9710 2018-12-17 წიგნი 0.40 თ.
          ტექნოლოგიური ფაკულტეტის ბიბლიოთეკა ტექნოლოგიური ფაკულტეტის ბიბლიოთეკა წიგნსაცავი 2018-12-17 0.40 54+546(076) ლ-13 9711 2018-12-17 9711 2018-12-17 წიგნი 0.40 თ.